Vocabulaire anglais (difficile) - Statistiques

Statistiques générales
  • Ce quiz a été pris 550 fois
  • Le résultat moyen est 4 sur 11
Statistiques - réponses
Mot anglais Traduction française % Correct
Watermelon Pastèque
94%
Actually En vérité
61%
Conscience Conscience
55%
Handkerchief Mouchoir
30%
Acquaintance Connaissance
25%
Duck-billed platypus Ornithorynque
20%
Intercourse Pénétration
17%
Flabbergasted Sidéré
17%
Terracotta Terre cuite
16%
Peek-a-boo Coucou
15%
Snake oil Poudre de perlimpinpin
3%
Aucun quiz correspondant
Distribution des résultats
% des personnes avec chaque résultat
Percentile par nombre de réponses
Votre historique - résultats
Vous n’avez pas pris ce quiz